Towards The Sun - Rihanna - All Lyrics - Statistics

General Stats
  • This quiz has been taken 36 times
  • The average score is 240 of 312
Answer Stats
Answer % Correct
sun
100%
the
100%
to
100%
to,
100%
towards
100%
you
100%
You
100%
a
95%
And
95%
and
95%
behind
95%
your
95%
(Ooh)
90%
ooh
90%
(Ooh-ooh)
90%
Turn
90%
turn
90%
face
86%
fall
86%
I
86%
Let
86%
shadows
86%
Shadows
86%
Don’t
81%
don't
81%
Don't
81%
in
81%
on
81%
will
81%
find
76%
just
76%
look
76%
my
76%
never
76%
carry
71%
It’s
71%
it's
71%
me
71%
of
71%
back,
67%
go?
67%
I’ve
67%
I've
67%
Lost
67%
lost
67%
love
67%
Where
67%
been
62%
know
62%
not
62%
we
62%
far
57%
I'd
57%
rock
57%
burned,
52%
burned
52%
control
52%
from
52%
gonna
52%
like
52%
lose
52%
roll
52%
when
52%
with
52%
can
48%
edge
48%
faith
48%
Got
48%
promise
48%
run
48%
soul
48%
that
48%
trust
48%
You’ve
48%
heart
43%
kings
43%
queens
43%
rust
43%
seen
43%
was
43%
worth,
43%
worth
43%
better
38%
get
38%
home
38%
night?
38%
yesterdays
38%
chased
33%
filled
33%
gold
33%
reign
33%
remember
33%
sky,
33%
time
33%
still
29%
swear
29%
No matching quizzes found
Score Distribution
Percent of People with Each Score
Percentile by Number Answered
Your Score History
You have not taken this quiz